| 000 | 01648nam a2200373 a 4500 | ||
|---|---|---|---|
| 001 | ebr10318096 | ||
| 003 | CaPaEBR | ||
| 006 | m u | ||
| 007 | cr cn||||||||| | ||
| 008 | 081124s2009 mnua sb s001 0 eng d | ||
| 010 | _z 2008050301 | ||
| 020 | _z9780816654895 (hc : alk. paper) | ||
| 020 | _z9780816654901 (pbk. : alk. paper) | ||
| 020 | _z9780816668113 | ||
| 040 |
_aCaPaEBR _cCaPaEBR |
||
| 035 | _a(OCoLC)436454445 | ||
| 043 | _ae-fr--- | ||
| 050 | 1 | 4 |
_aJA84.F8 _bA835 2009eb |
| 082 | 0 | 4 |
_a320.092 _222 |
| 100 | 1 |
_aArmstrong, Philip, _d1962- |
|
| 245 | 1 | 0 |
_aReticulations _h[electronic resource] : _bJean-Luc Nancy and the networks of the political / _cPhilip Armstrong. |
| 260 |
_aMinneapolis, Minn. : _bUniversity of Minnesota Press, _c2009. |
||
| 300 |
_axxiii, 307 p. : _bill. |
||
| 490 | 1 |
_aElectronic mediations ; _vv. 27 |
|
| 504 | _aIncludes bibliographical references and index. | ||
| 505 | 0 | _aThe deposition of the political -- From paradox to partage : on citizenship and teletechnologies -- The disposition of being -- Being communist -- Seattle and the space of exposure. | |
| 533 |
_aElectronic reproduction. _bPalo Alto, Calif. : _cebrary, _d2013. _nAvailable via World Wide Web. _nAccess may be limited to ebrary affiliated libraries. |
||
| 600 | 1 | 0 |
_aNancy, Jean-Luc _xPolitical and social views. |
| 650 | 0 |
_aPolitical science _zFrance _xPhilosophy. |
|
| 655 | 7 |
_aElectronic books. _2local |
|
| 710 | 2 | _aebrary, Inc. | |
| 830 | 0 |
_aElectronic mediations ; _vv. 27. |
|
| 856 | 4 | 0 |
_uhttp://site.ebrary.com/lib/rucke/Doc?id=10318096 _zAn electronic book accessible through the World Wide Web; click to view |
| 999 |
_c59637 _d59637 |
||